The mayor of Casterbridge / (Record no. 532771)
[ view plain ]
| 000 -LEADER | |
|---|---|
| fixed length control field | 01471cam a2200433 a 4500 |
| 001 - CONTROL NUMBER | |
| control field | 4913259 |
| 003 - CONTROL NUMBER IDENTIFIER | |
| control field | NUST - |
| 005 - DATE AND TIME OF LATEST TRANSACTION | |
| control field | 20191202170725.0 |
| 008 - FIXED-LENGTH DATA ELEMENTS--GENERAL INFORMATION | |
| fixed length control field | 040809r20041886enk b 000 1 eng |
| 010 ## - LIBRARY OF CONGRESS CONTROL NUMBER | |
| LC control number | 2004041511 |
| 020 ## - INTERNATIONAL STANDARD BOOK NUMBER | |
| International Standard Book Number | 0192840711 (pbk.) |
| 035 ## - SYSTEM CONTROL NUMBER | |
| System control number | (OCoLC)54065103 |
| 035 ## - SYSTEM CONTROL NUMBER | |
| System control number | (OCoLC)ocm54065103 |
| 035 ## - SYSTEM CONTROL NUMBER | |
| System control number | (DLC) 2004041511 |
| 035 ## - SYSTEM CONTROL NUMBER | |
| System control number | (NNC)4913259 |
| 038 ## - RECORD CONTENT LICENSOR | |
| Staff Name | MSOHAIL |
| 040 ## - CATALOGING SOURCE | |
| Original cataloging agency | DLC |
| Transcribing agency | LIBRARY |
| 043 ## - GEOGRAPHIC AREA CODE | |
| Geographic area code | e-uk-en |
| 050 00 - LIBRARY OF CONGRESS CALL NUMBER | |
| Classification number | PR4750 |
| Item number | .M25 2004 |
| 082 00 - DEWEY DECIMAL CLASSIFICATION NUMBER | |
| Classification number | 823.8 HAR |
| Edition number | 22 |
| 100 1# - MAIN ENTRY--PERSONAL NAME | |
| Personal name | Hardy, Thomas, |
| Dates associated with a name | 1840-1928. |
| 9 (RLIN) | 26348 |
| 245 14 - TITLE STATEMENT | |
| Title | The mayor of Casterbridge / |
| Statement of responsibility, etc. | Thomas Hardy ; edited with notes by Dale Kramer ; with a new introduction by Pamela Dalziel. |
| 260 ## - PUBLICATION, DISTRIBUTION, ETC. | |
| Place of publication, distribution, etc. | Oxford ; |
| -- | New York : |
| Name of publisher, distributor, etc. | Oxford University Press, |
| Date of publication, distribution, etc. | c.2001. |
| 300 ## - PHYSICAL DESCRIPTION | |
| Extent | lxi, 461 p. ; |
| Dimensions | 20 cm. |
| 490 1# - SERIES STATEMENT | |
| Series statement | Oxford world's classics |
| 504 ## - BIBLIOGRAPHY, ETC. NOTE | |
| Bibliography, etc. note | Includes bibliographical references. |
| 650 #0 - SUBJECT ADDED ENTRY--TOPICAL TERM | |
| Topical term or geographic name entry element | Separation (Psychology) |
| Form subdivision | Fiction. |
| General subdivision | General books |
| 9 (RLIN) | 26349 |
| 650 #0 - SUBJECT ADDED ENTRY--TOPICAL TERM | |
| Topical term or geographic name entry element | Fathers and daughters |
| Form subdivision | Fiction. |
| 9 (RLIN) | 3695 |
| 650 #0 - SUBJECT ADDED ENTRY--TOPICAL TERM | |
| Topical term or geographic name entry element | Runaway husbands |
| Form subdivision | Fiction. |
| 9 (RLIN) | 26350 |
| 650 #0 - SUBJECT ADDED ENTRY--TOPICAL TERM | |
| Topical term or geographic name entry element | Men |
| Geographic subdivision | England |
| Form subdivision | Fiction. |
| 9 (RLIN) | 26351 |
| 650 #0 - SUBJECT ADDED ENTRY--TOPICAL TERM | |
| Topical term or geographic name entry element | Atonement |
| Form subdivision | Fiction. |
| 9 (RLIN) | 12082 |
| 650 #0 - SUBJECT ADDED ENTRY--TOPICAL TERM | |
| Topical term or geographic name entry element | Mayors |
| Form subdivision | Fiction. |
| 9 (RLIN) | 26352 |
| 651 #0 - SUBJECT ADDED ENTRY--GEOGRAPHIC NAME | |
| Geographic name | Wessex (England) |
| Form subdivision | Fiction. |
| 9 (RLIN) | 26353 |
| 655 #7 - INDEX TERM--GENRE/FORM | |
| Genre/form data or focus term | Psychological fiction. |
| Source of term | lcsh |
| 9 (RLIN) | 953 |
| 700 1# - ADDED ENTRY--PERSONAL NAME | |
| Personal name | Kramer, Dale, |
| Dates associated with a name | 1936- |
| 9 (RLIN) | 26354 |
| 830 #0 - SERIES ADDED ENTRY--UNIFORM TITLE | |
| Uniform title | Oxford world's classics (Oxford University Press) |
| 9 (RLIN) | 11781 |
| 942 ## - ADDED ENTRY ELEMENTS (KOHA) | |
| Source of classification or shelving scheme | |
| Koha item type | Book |
| Withdrawn status | Lost status | Source of classification or shelving scheme | Damaged status | Not for loan | Permanent Location | Current Location | Date acquired | Total Checkouts | Full call number | Barcode | Date last seen | Price effective from | Koha item type |
|---|---|---|---|---|---|---|---|---|---|---|---|---|---|
| School of Civil and Environmental Engineering (SCEE) | School of Civil and Environmental Engineering (SCEE) | 12/02/2019 | 823.8 HAR | NIT-12602 | 12/02/2019 | 12/02/2019 | Book |
